El ingenioso hidalgo don quijote de la mancha. tomo ii /

Guardado en:
Autor Principal: Cervantes Saavedra, Miguel de
Formato: Libro
Publicado: Barcelona : C¡rculo de Lectores, 1980
Materias:
Etiquetas: Agregar Etiqueta
Sin Etiquetas, Sea el primero en etiquetar este registro!
LEADER 00670nam a22001815a 4500
001 CEM.cems001575
005 20060214000000.0
008 130507s1980##################000#0#####d
003 CEMS
082 0 4 |a 863.3 
100 1 |a Cervantes Saavedra, Miguel de 
245 1 0 |a El ingenioso hidalgo don quijote de la mancha. tomo ii / 
260 |a Barcelona :  |b C¡rculo de Lectores,  |c 1980 
300 |a 538 p. 
505 0 |a Dedicatoria, por M. de Cervantes Saavedra.- Pr¢logo al lector.- El ingenioso hidalgo Don Quijote de la Mancha, parte segunda.- 
653 |a Literatura 
653 |a Novela española-siglo de oro 
859 |a CEMS  |b BIB. CEMS - 11 de abril  |h 863.3  |i C337-8/II  |p 13935.86  |t Ej.1